Statistics for Marvel Characters

Click here to take the quiz!

General Stats

  • This quiz has been taken 37 times
  • The average score is 15 of 16

Answer Stats

Answer% Correct
Deadpool
100%
Hulk
100%
Iron Man
100%
Spiderman
100%
Thor
100%
Venom
100%
Black Panther
97%
Doctor Strange
97%
Black Widow
94%
Hawkeye
94%
Wolverine
91%
Captain Marvel
88%
Nick Fury
88%
Gamora
79%
Drax
71%
Bucky Barnes
62%

Score Distribution

Percentile by Number Answered

Percent of People with Each Score

Your Score History

You have not taken this quiz